Niektoré aspekty zdaňovania a účtovania hospodárskeho výsledku v spoločnosti s ručením obmedzeným
Hospodársky výsledok a jeho všeobecné chápanie v účtovníctve. Celkový hospodársky výsledok sa v účtovníctve ešte ďalej člení na prevádzkový, finančný a mimoriadny. Tvorba rezervného fondu. Úprava straty. Príklad.
Salvato in:
| Autore principale: | |
|---|---|
| Natura: | Capitolo di libro |
| Lingua: | slovacco |
| Soggetti: | |
| Tags: |
Nessun Tag, puoi essere il primo ad aggiungerne!!
|
MARC
| LEADER | 00000naa a2200000 4500 | ||
|---|---|---|---|
| 001 | r032300 | ||
| 005 | 20230929092516.2 | ||
| 041 | 0 | |a slo | |
| 044 | |a SK | ||
| 245 | 1 | 0 | |a Niektoré aspekty zdaňovania a účtovania hospodárskeho výsledku v spoločnosti s ručením obmedzeným |c Ľudmila Lacová |
| 520 | |a Hospodársky výsledok a jeho všeobecné chápanie v účtovníctve. Celkový hospodársky výsledok sa v účtovníctve ešte ďalej člení na prevádzkový, finančný a mimoriadny. Tvorba rezervného fondu. Úprava straty. Príklad. | ||
| 610 | 2 | 0 | |a zdaňovanie |
| 610 | 2 | 0 | |a výsledok hospodársky |
| 610 | 2 | 0 | |a účtovanie |
| 610 | 2 | 0 | |a fond rezervný |
| 610 | 2 | 0 | |a zákonník obchodný |
| 610 | 2 | 0 | |a spoločnosti s r.o. |
| 610 | 2 | 0 | |a dane z príjmov |
| 610 | 2 | 0 | |a triedy účtové |
| 100 | 1 | |a Lacová, Ľudmila | |